Πόλεις της Κύπρου - Ξαφνικός Θάνατος - Statistics

General Stats
  • This quiz has been taken 74 times
  • The average score is 10 of 12
Answers on the Grid
Answers color-coded by a green-red scale on the quiz's grid according to % correct below.
Λευκωσία
Λάρνακα
Λεμεσός
Πάφος
Στρόβολος
Παραλίμνη
Αγία Νάπα
Αμμόχωστος
Κερύνεια
Λεύκαρα
Έγκωμη
Λακατάμια
Πάτρα
Ηράκλειο
Ρόδος
Μυτιλήνη
Μύκονος
Καλαμάτα
Ερμούπολη
Θεσσαλονίκη
Πειραιάς
Κέρκυρα
Σιδώνα
Λάρισα
 
Answer Stats
Answer % Correct
Πάφος
95%
Αγία Νάπα
93%
Λάρνακα
91%
Αμμόχωστος
91%
Λεμεσός
89%
Λευκωσία
82%
Στρόβολος
80%
Κερύνεια
80%
Έγκωμη
77%
Λεύκαρα
75%
Παραλίμνη
70%
Λακατάμια
70%
No matching quizzes found
Score Distribution
Percent of People with Each Score
Percentile by Number Answered
Your Score History
You have not taken this quiz